| 000 | 00361nam a2200133Ia 4500 | ||
|---|---|---|---|
| 005 | 20260328101519.0 | ||
| 008 | 260328s9999||||xx |||||||||||||| ||und|| | ||
| 100 | _aSancho Osinaga, Juan Carlos | ||
| 245 | 0 |
_aEl Sentido Cubista de Le Corbusier / _cJuan Carlos Sancho Osinaga |
|
| 260 | _bMunilla-LerĂa | ||
| 300 | _a142 p. | ||
| 650 | _aARQUITECTOS | ||
| 942 | _cBK | ||
| 999 |
_c9529 _d9529 |
||